QCM sur l’Italie - Statistiques

Statistiques générales
  • Ce quiz a été pris 164 fois
  • Le résultat moyen est 9 sur 12
Statistiques - réponses
Question Réponse % Correct
Quel forme particulière a l’Italie ? Une botte
93%
Quelle marque de voiture est italienne ? Fiat
83%
Dans quelle ville se situe une célèbre tour penchée ? Pise
81%
Quelle écurie mythique de Formule 1 est reconnaissable par sa couleur rouge ? Ferrari
80%
Quel célèbre artiste a peint le plafond de la chapelle Sixtine ? Michel-Ange
80%
Quel célèbre empire a régné sur les terres italiennes durant l’Antiquité ? Rome
76%
Quel célèbre homme d’affaires controversé s’est retrouvé Premier Ministre à 3 reprises ? Silvio Berlusconi
69%
Quel volcan domine la baie de Naples ? Vésuve
69%
Quelle ville est surnommée la cité des Doges ? Venise
64%
Quel homme ayant réunifié l’Italie au XIX ème est considéré comme père de la patrie ? Giuseppe Garibaldi
63%
Quelle ville se situe dans la région du Piémont ? Turin
63%
Combien de Coupe du Monde a remporté la sélection italienne de Football ? 4
39%
Aucun quiz correspondant
Distribution des résultats
% des personnes avec chaque résultat
Percentile par nombre de réponses
Votre historique - résultats
Vous n’avez pas pris ce quiz